000 00724nam a2200229 a 4500
001 BRCA_3559
005 20190320204331.0
008 030809s1930----sp a---###---#000-0#spa-#
041 _aspa
044 _asp
050 4 _aN6502
_b.A66 1 1930
245 1 0 _aAportación al estudio de la cultura española en las Indias
_bexposición : catálogo general ilustrado
_cSociedad Española de Amigos del Arte.
260 _aMadrid
_bEspasa Calpe
_c1930
300 _a103 p.
_bil., 63 láminas, mapas
_c33 cm.
500 _aEjemplar igual a CFG16
500 _aB227
650 1 4 _aArte Latinoamericano
_99242
651 4 _aAmérica Latina
_99147
651 4 _aEspaña
_xColonias
_zAmérica
_92838
902 _aGFM
942 _2lcc
_cB
999 _c3294
_d3294